The academic librarian's human resources handbook : employer rights and responsibilities

Αποθηκεύτηκε σε:
Λεπτομέρειες βιβλιογραφικής εγγραφής
Κύριος συγγραφέας: Baldwin, David A. (David Allen), 1946-
Μορφή: Βιβλίο
Γλώσσα:English
Δημοσίευση: Englewood : Libraries Unlimited, 1996
Θέματα:
Ετικέτες: Προσθήκη ετικέτας
Δεν υπάρχουν, Καταχωρήστε ετικέτα πρώτοι!

MARC

LEADER 00000cam a2200000 i 4500
001 1/88251
008 990824s1996 eng d
020 |a 1-56308-345-0 
035 |l 10052490 
040 |a GR-MY-UA  |b gre  |e aacr 
041 0 |a eng 
082 0 |a 023.9 
100 1 |a Baldwin, David A.   |q (David Allen),   |d 1946- 
245 1 4 |a The academic librarian's human resources handbook :  |b employer rights and responsibilities /  |c David A. Baldwin 
260 |a Englewood :   |b Libraries Unlimited,   |c 1996 
300 |a 167 p. 
504 |a Includes bibliographical references and index 
650 0 0 |a Academic libraries  |z United States  |x Personnel management  |x Handbooks, manuals, etc. 
852 |a INST  |b LESVOS  |e 19990824  |h 023.9 BAL  |p 005100019680  |q 005100019680  |t BK  |y 0 
901 |a BIBL1-1999-2 
909 |a Λ  |b 064219 
922 |a 1ΕΛΗ  |b 199902  |c ΚΠΣ/ΚΥΒ  |d Leader 
950 |a 023-1998-09-14 
970 |a Μουστάκα  |b Πηνελόπη  |z 1999/08/25